00738nam a2200241 a 4500001001300000003000900013005001700022008004100039020002300080082001600103100001700119245007200136260003200208300000900240500003500249505001000284650002100294700001700315902000800332942000700340952013200347999001700479nice12345678IN_TiNIC20260116014143.0110804s2006 dela grp 000 0 eng  a9788129108470c50000a297.8bHAS1 aHasan, Tariq aAligarh Movement and the Making of the Indian Muslim Mind 1857-2002 aDelhi bRupa and Co. c2006 a292p aincludes index and biblioraphy2 aIndex aAligarh Movement1 aHasan, Tariq bSRS cBK 001040708StackRoom-aHMIbHMId2011-09-02g500.00l7m5o297.8 HAS1p023654r2022-04-19s2022-03-10v500.00w2011-08-04yBK c14109d14109